000 00953nas a2200313 4500
001 BR0808956
003 BR-BrBNA
005 20231205112238.0
007 ta
008 230509b bl.|||p| |||| 00| 00por d
040 _aBR-BrBNA
_bpor
_cBiblioteca Nacional de Agricultura
041 _a(Pt)
072 _aL02; L51; Q54
100 1 _aMachado, P.A.S.
100 1 _aValadares Filho, S. de C.
100 1 _aValadares, R.F.D.
100 1 _aDetmann, E.
100 1 _aPaixão, M.L.
100 1 _aPina, D. dos S.
245 1 _aAvaliação nutricional do capim-elefante (Cameron)em diferentes idades de rebrotação
650 _aCONSUMO ALIMENTAR
650 _aDIGESTIBILIDADE
650 _aNUTRIENTE
650 _aRUMINANTE
650 _aVOLUMOSOS
773 0 _tRevista Brasileira de Zootecnia (Brazil)
_xISSN 1516-3598
_g(Jun 2008), v. 37(6) p. 1121-1128
_wBR0808956
909 _a202311
_bLúcia
_c55
_dLúcia Elande
942 _2AGRIS
_n0
_cANA
999 _c196954
_d196954